Electron Spectroscopy for Surface Analysis /
Enregistré dans:
| Autres auteurs: | |
|---|---|
| Format: | Livre |
| Langue: | anglais |
| Publié: |
Berlin :
Springer Verlag,
1977
|
| Sujets: | |
| Tags: |
Pas de tags, Soyez le premier à ajouter un tag!
|
MARC
| LEADER | 00000nam a22000003a 4500 | ||
|---|---|---|---|
| 001 | stu44568 | ||
| 005 | 20150617225718.2 | ||
| 008 | 950424s1977----gw------------------eng-d | ||
| 020 | |a 3-540-08078-3 | ||
| 040 | |a STU |b slo | ||
| 041 | 0 | |a eng | |
| 044 | |a gw | ||
| 080 | |a 535.215 | ||
| 100 | 1 | |a Ibach, Herald |4 com | |
| 245 | 1 | |a Electron Spectroscopy for Surface Analysis / |c Ed.: Ibach, H. | |
| 260 | |a Berlin : |b Springer Verlag, |c 1977 | ||
| 300 | |a 255 s | ||
| 650 | 7 | |a spektroskopia |2 stusub | |
| 996 | |b E39701 |c E*39701 |l EE11 |s P |a 0 |w stu44568_0001 | ||
| 996 | |b E40408 |c E*40408 |l EE11 |s P |a 0 |w stu44568_0002 | ||
| 996 | |b E45103 |c E*45103 |l EE11 |s P |a 0 |w stu44568_0003 | ||
| 996 | |b M 28776 |c M*9087-1 |l MMKN |s A |a 24 |w stu44568_0004 | ||